[Event "Pardubice Czech op-E 35th"]
[Site "Pardubice"]
[Date "2024.07.11"]
[Round "1.3"]
[White "Zeman, Matyas"]
[Black "Fuchs, Frantisek"]
[Result "1-0"]
[WhiteElo "2308"]
[BlackElo "1914"]
[PlyCount "83"]
[EventDate "2024.07.11"]
[EventType "team-swiss"]
[EventRounds "7"]
[EventCountry "CZE"]
[SourceTitle "CBM 221 Extra"]
[Source "ChessBase"]
[SourceDate "2024.09.30"]
[SourceVersion "1"]
[SourceVersionDate "2024.09.30"]
[SourceQuality "1"]
[WhiteTeam "Brno Moravska Slavia"]
[BlackTeam "Dvur Kralove nad Labem"]
[WhiteTeamCountry "CZE"]
[BlackTeamCountry "CZE"]

1. d4 d5 2. Nf3 Nf6 3. c4 c6 4. e3 Bf5 5. Nc3 e6 6. Bd3 Bxd3 7. Qxd3 Nbd7 8. 0-0 Be7 9. e4 dxe4 10. Nxe4 Nxe4 11. Qxe4 Nf6 12. Qe2 0-0 13. Bf4 Qd7 14. Rfd1 Rfd8 15. Ne5 Qe8 16. Qf3 Nd7 17. Ng4 Nf6 18. Ne3 Rd7 19. Rd3 Rad8 20. Rad1 Bf8 21. Be5 Be7 22. h4 h6 23. h5 Nh7 24. d5 f6 25. Bc3 Bc5 26. b4 e5 27. Qe2 Bxe3 28. Rxe3 cxd5 29. cxd5 Rxd5 30. Rxd5 Rxd5 31. f4 Qb5 32. Qxb5 Rxb5 33. fxe5 Kf7 34. Rd3 fxe5 35. Rd7+ Kf6 36. a4 Rb6 37. b5 Nf8 38. Rd5 Re6 39. Rd8 Ke7 40. Rb8 Nd7 41. Bb4+ Kf6 42. Rxb7 1-0

[Event "Polanica Zdroj op-B 42nd"]
[Site "Polanica Zdroj"]
[Date "2006.08.25"]
[Round "6"]
[White "Fuchs, Frantisek"]
[Black "Lukasiewicz, Anna"]
[Result "0-1"]
[WhiteElo "2048"]
[BlackElo "2128"]
[PlyCount "44"]
[EventDate "2006.08.20"]
[EventType "swiss"]
[EventRounds "7"]
[EventCountry "POL"]
[SourceTitle "CBM 113 Extra"]
[Source "ChessBase"]
[SourceDate "2006.09.14"]
[SourceVersion "1"]
[SourceVersionDate "2006.09.14"]
[SourceQuality "1"]

1. e4 c5 2. Nf3 Nc6 3. d4 cxd4 4. Nxd4 g6 5. Nxc6 dxc6 6. Qxd8+ Kxd8 7. Bc4 Ke8 8. 0-0 e5 9. Be3 Nf6 10. Nc3 Bb4 11. f4 Ng4 12. Bd2 Bc5+ 13. Kh1 Nf2+ 14. Rxf2 Bxf2 15. Rf1 Bd4 16. fxe5 Be6 17. Bxe6 fxe6 18. Rf6 Rf8 19. Rxe6+ Kd7 20. Rd6+ Kc7 21. Rf6 Rxf6 22. exf6 Bxf6 0-1

[Event "Polanica Zdroj op-B 42nd"]
[Site "Polanica Zdroj"]
[Date "2006.08.23"]
[Round "4"]
[White "Fuchs, Frantisek"]
[Black "Fistek, Dariusz"]
[Result "0-1"]
[WhiteElo "2048"]
[BlackElo "2096"]
[PlyCount "92"]
[EventDate "2006.08.20"]
[EventType "swiss"]
[EventRounds "7"]
[EventCountry "POL"]
[SourceTitle "CBM 113 Extra"]
[Source "ChessBase"]
[SourceDate "2006.09.14"]
[SourceVersion "1"]
[SourceVersionDate "2006.09.14"]
[SourceQuality "1"]

1. e4 c5 2. Nf3 e6 3. d4 cxd4 4. Nxd4 a6 5. c4 Qc7 6. Nc3 Nf6 7. Bg5 Be7 8. Be2 0-0 9. 0-0 d6 10. Kh1 Nbd7 11. f4 b6 12. f5 Ne5 13. Rc1 h6 14. Be3 Bd7 15. b3 Rac8 16. Qe1 Neg4 17. Bg1 Qb7 18. Qh4 Ne5 19. Qf4 Nh7 20. Qg3 Bf6 21. Be3 Ng5 22. Rcd1 Kh8 23. Bf3 Nexf3 24. gxf3 exf5 25. h4 Nh7 26. Rg1 Rg8 27. Nd5 fxe4 28. fxe4 Be5 29. Bf4 Rce8 30. Bxe5 Rxe5 31. Rdf1 Be6 32. Nf5 Bxf5 33. Rxf5 Rxe4 34. h5 Ng5 35. Qxd6 Re6 36. Qg3 Rge8 37. Rgf1 Re3 38. Qg4 R8e4 39. R5f4 Rxf4 40. Rxf4 Re1+ 41. Kg2 Qc6 42. Rf2 Qc5 43. Qf4 b5 44. Qd2 Rg1+ 45. Kh2 Rg4 46. cxb5 Rd4 0-1

[Event "Hradec Kralove Region-chT 0506"]
[Site "Czech Republic"]
[Date "2006.01.22"]
[Round "6.7"]
[White "Fuchs, Frantisek"]
[Black "Dvorak, Miloslav"]
[Result "1-0"]
[WhiteElo "2039"]
[BlackElo "1681"]
[PlyCount "65"]
[EventDate "2005.10.23"]
[EventType "team-tourn"]
[EventRounds "11"]
[EventCountry "CZE"]
[SourceTitle "EXT 2024"]
[Source "ChessBase"]
[SourceDate "2023.10.10"]
[SourceVersion "1"]
[SourceVersionDate "2023.10.10"]
[SourceQuality "1"]
[WhiteTeam "Nachod Sokol"]
[BlackTeam "Rychnov nad Kneznou"]
[WhiteTeamCountry "CZE"]
[BlackTeamCountry "CZE"]

1. e4 e6 2. d4 d6 3. f4 Be7 4. Nf3 c5 5. c3 Nf6 6. e5 dxe5 7. fxe5 Nd5 8. Bd3 Nc6 9. 0-0 cxd4 10. cxd4 Ndb4 11. Be2 Nd5 12. Nc3 Nxc3 13. bxc3 b6 14. Bd3 Bb7 15. Be3 Na5 16. Qc2 h6 17. Nd2 Rc8 18. Rae1 Qc7 19. Rc1 Qc6 20. Rf3 Ba3 21. Be4 Qd7 22. Bxb7 Nxb7 23. Rcf1 Rf8 24. Ne4 Na5 25. Bxh6 f5 26. Bxg7 Qxd4+ 27. cxd4 Rxc2 28. Rxa3 Rf7 29. Nd6+ Ke7 30. Nxf7 Kxf7 31. Bf6 Rd2 32. Rg3 Nc6 33. Rg7+ 1-0

[Event "Czechia district-ch"]
[Site "Czech Republic"]
[Date "2003.??.??"]
[Round "13"]
[White "Fuchs, Frantisek"]
[Black "Schejbal, Josef"]
[Result "1-0"]
[WhiteElo "1980"]
[BlackElo "1965"]
[PlyCount "79"]
[EventDate "2003.??.??"]
[EventType "tourn"]
[EventRounds "13"]
[EventCountry "CZE"]
[SourceTitle "EXT 2007"]
[Source "ChessBase"]
[SourceDate "2006.11.23"]
[SourceVersion "1"]
[SourceVersionDate "2006.11.23"]
[SourceQuality "1"]

1. e4 d5 2. exd5 Nf6 3. Bb5+ Bd7 4. Bc4 Bg4 5. f3 Bc8 6. Nc3 Nbd7 7. Qe2 Nb6 8. Qd3 g6 9. Bb3 Bg7 10. Qb5+ Bd7 11. Qc5 0-0 12. Nge2 c6 13. dxc6 Bxc6 14. 0-0 Rc8 15. Qf2 Nfd5 16. d3 e5 17. Nxd5 Bxd5 18. Nc3 Bxb3 19. axb3 a6 20. Be3 Nd5 21. Nxd5 Qxd5 22. Ra4 f5 23. Qd2 Qc6 24. Rc4 Qd7 25. Rd1 b5 26. Rxc8 Rxc8 27. b4 e4 28. dxe4 Qxd2 29. Rxd2 fxe4 30. c3 exf3 31. gxf3 Rc6 32. Rd8+ Kf7 33. Rd7+ Kg8 34. Kf2 Be5 35. f4 Rd6 36. Ra7 Bf6 37. Kf3 Re6 38. Bd4 Bxd4 39. cxd4 h5 40. d5 1-0

[Event "Czechia district-ch"]
[Site "Czech Republic"]
[Date "2003.??.??"]
[Round "6"]
[White "Prochazka, Jan"]
[Black "Fuchs, Frantisek"]
[Result "1/2-1/2"]
[WhiteElo "2005"]
[BlackElo "1980"]
[PlyCount "81"]
[EventDate "2003.??.??"]
[EventType "tourn"]
[EventRounds "13"]
[EventCountry "CZE"]
[SourceTitle "EXT 2007"]
[Source "ChessBase"]
[SourceDate "2006.11.23"]
[SourceVersion "1"]
[SourceVersionDate "2006.11.23"]
[SourceQuality "1"]

1. e4 c5 2. Nf3 d6 3. d4 cxd4 4. Nxd4 Nf6 5. Nc3 a6 6. Be2 e5 7. Nb3 b5 8. Be3 Bb7 9. f3 Be7 10. Qd2 Nbd7 11. 0-0 0-0 12. Rad1 Rc8 13. a3 Nb6 14. Kh1 Qc7 15. Bxb6 Qxb6 16. Nd5 Nxd5 17. exd5 h6 18. g3 Bg5 19. f4 exf4 20. gxf4 Bf6 21. c3 Rfe8 22. Bg4 Rc4 23. Qf2 Qxf2 24. Rxf2 Bd8 25. h3 a5 26. Bd7 Ree4 27. Bxb5 Rxf4 28. Rxf4 Rxf4 29. Bc6 Bc8 30. Re1 Bxh3 31. Re8+ Kh7 32. Rxd8 Rf2 33. Rxd6 g5 34. Nd4 g4 35. Bd7 h5 36. Bf5+ Kg7 37. Rb6 h4 38. d6 Rf1+ 39. Kh2 Rf2+ 40. Kh1 Rf1+ 41. Kh2 1/2-1/2